| 000 | 01707nam a2200373 c 4500 | ||
|---|---|---|---|
| 003 | BLK | ||
| 005 | 20240824005346.0 | ||
| 008 | 180410b bul|||||r ||||||| ||bul|| | ||
| 010 | _aKNG00163780000 | ||
| 040 | _aBLK | ||
| 041 |
_aBUL _cBUL |
||
| 080 |
_aМузиканти-творци, композитори _b78.071.1 _x(470)(092) _z78.071.1(470)(092) |
||
| 080 |
_aРуски композитор _b929 Глинка, Михаил Иванович _x _z929 Глинка, Михаил Иванович |
||
| 100 | 1 |
_aКолосова, Н. _eпърви автор _981601 |
|
| 700 | 1 |
_aВеличков, Венцислав _eпрев. от рус. _9284092 |
|
| 139 |
_aКолосова, Н. _bГ 55 |
||
| 245 | 1 | 0 |
_aИ ще открия земя... _bЛит. композиция за Михаил Глинка _cН. Колосова; прев. от рус. Венцислав Величков. |
| 257 | _aRUS | ||
| 260 |
_аСофия _bМузика _c1980 _fЯмбол : Г. Димитров |
||
| 300 |
_a164 с. _c17 см |
||
| 380 | _a7 | ||
| 500 | _aОриг. загл. И я открою землю.. . - 5 569 тир. - Именен показалец. | ||
| 600 | 0 |
_aГлинка, Михаил Иванович _9367626 |
|
| 650 | 4 |
_aКомпозитори, руски _9267007 |
|
| 653 | _aбиографии | ||
| 653 | _aкомпозитори | ||
| 653 | _aруски композитори | ||
| 852 | _aЦб І 18278 | ||
| 856 | 4 |
_qpdf _u |
|
| 856 | 4 |
_qpdf _u |
|
| 942 |
_cKNG _n0 |
||
| 944 |
_aCR _c25.07.2014 _lCRON CRON _k |
||
| 944 |
_aED _c06.04.2017 _l25.07.2014 - от С1,Р / 25.07.2014 _kИрена_Линкова |
||
| 999 |
_c156932 _d156932 |
||